000 00787nam a22002897a 4500
001 BR9704128
003 BR-BrBNA
005 20230928095701.0
007 ta
008 230509b bl.||||| |||| 00| 0 por d
040 _aBR-BrBNA
_bpor
_cBiblioteca Nacional de Agricultura
041 _a(Por)
072 _aE16; F04
_b3575
_b0120
_b0170
090 _ 3575 BR9704128
110 1 _aAgroceres S.A. Importacao, Exportacao, Industria e Comercio, Sao Paulo, SP (Brasil)
_961
245 1 _aManual dos produtos agroceres
260 3 _aSao Paulo, SP (Brasil):
_c[nd].
300 _a61 p.
500 _a10 tables
650 _aSemente
650 _aMilho
650 _aSorgo
650 _aHortalica
650 _aFertilizante
909 _a202309
_bLucia
_c55
_dLucia Elande
942 _cBK
999 _c58067
_d58067